[Event "Tambov Korensky Memorial 27th"]
[Site "Tambov"]
[Date "2018.08.19"]
[Round "9"]
[White "Agapov, Yury N"]
[Black "Shcherbashin, Roman"]
[Result "1/2-1/2"]
[WhiteElo "1964"]
[BlackElo "1948"]
[PlyCount "65"]
[EventDate "2018.08.11"]
[EventType "swiss"]
[EventRounds "9"]
[EventCountry "RUS"]
[SourceTitle "CBM 186 Extra"]
[Source "ChessBase"]
[SourceDate "2018.08.24"]
[SourceVersion "1"]
[SourceVersionDate "2018.08.24"]
[SourceQuality "1"]

1. d4 d5 2. Nf3 Nf6 3. c4 c6 4. e3 a6 5. b3 Bf5 6. Bd3 Bxd3 7. Qxd3 Nbd7 8. 0-0 e6 9. Nbd2 Bd6 10. Bb2 0-0 11. c5 Bb8 12. b4 Re8 13. Ne5 Nxe5 14. dxe5 Nd7 15. f4 b6 16. Bd4 a5 17. a3 Ba7 18. Nb3 a4 19. cxb6 Nxb6 20. Nc5 Nc4 21. Rf3 Qe7 22. Raf1 f5 23. exf6 gxf6 24. Rg3+ Kh8 25. Rh3 e5 26. fxe5 fxe5 27. Ba1 Bxc5 28. bxc5 Rf8 29. Rd1 Ra7 30. Rc1 Rb7 31. Rb1 Rxb1+ 32. Qxb1 Rf6 33. Qb8+ 1/2-1/2

[Event "Tambov Korensky Memorial 27th"]
[Site "Tambov"]
[Date "2018.08.17"]
[Round "7"]
[White "Sychev, Vitaly"]
[Black "Shcherbashin, Roman"]
[Result "0-1"]
[WhiteElo "1971"]
[BlackElo "1948"]
[PlyCount "106"]
[EventDate "2018.08.11"]
[EventType "swiss"]
[EventRounds "9"]
[EventCountry "RUS"]
[SourceTitle "CBM 186 Extra"]
[Source "ChessBase"]
[SourceDate "2018.08.24"]
[SourceVersion "1"]
[SourceVersionDate "2018.08.24"]
[SourceQuality "1"]

1. d4 d5 2. Nf3 Nf6 3. c4 c6 4. e3 Bf5 5. Nc3 e6 6. Be2 Nbd7 7. 0-0 Be7 8. Nh4 Bg6 9. Nxg6 hxg6 10. b3 Qc7 11. h3 Ne4 12. Nxe4 dxe4 13. f3 Qg3 14. Qe1 Qg5 15. fxe4 Rxh3 16. Qf2 0-0-0 17. Qf4 Rdh8 18. Qxg5 Rh1+ 19. Kf2 Rxf1+ 20. Bxf1 Bxg5 21. Bd3 Nf6 22. Kf3 Nd7 23. e5 Be7 24. Bd2 g5 25. Rf1 f5 26. g3 Rh2 27. Rf2 g4+ 28. Ke2 Rh3 29. Rg2 Rh1 30. a4 b6 31. Bc2 a5 32. Kf2 c5 33. Rg1 Rh3 34. Kg2 Bg5 35. Bc1 g6 36. Rf1 Kb7 37. Rd1 Rh8 38. Rf1 Kc7 39. Re1 Rh7 40. Rf1 Nb8 41. d5 Nd7 42. e4 Bxc1 43. Rxc1 Nxe5 44. dxe6 Nf3 45. Rh1 Rxh1 46. Kxh1 Nd4 47. exf5 gxf5 48. Bd1 Kd6 49. Kg2 Kxe6 50. Kf2 Ke5 51. Ke3 Ne6 52. Be2 Ng5 53. Bd3 Ne4 0-1

[Event "Tambov Korensky Memorial 27th"]
[Site "Tambov"]
[Date "2018.08.16"]
[Round "6"]
[White "Shcherbashin, Roman"]
[Black "Dikov, Alexander I"]
[Result "0-1"]
[WhiteElo "1948"]
[BlackElo "1921"]
[PlyCount "168"]
[EventDate "2018.08.11"]
[EventType "swiss"]
[EventRounds "9"]
[EventCountry "RUS"]
[SourceTitle "CBM 186 Extra"]
[Source "ChessBase"]
[SourceDate "2018.08.24"]
[SourceVersion "1"]
[SourceVersionDate "2018.08.24"]
[SourceQuality "1"]

1. e4 c5 2. Nc3 e6 3. g3 Nc6 4. Bg2 g6 5. d3 Bg7 6. Be3 d6 7. Nge2 Nge7 8. 0-0 a6 9. Rb1 0-0 10. Qd2 b5 11. Bh6 b4 12. Bxg7 Kxg7 13. Nd1 Rb8 14. f4 Bd7 15. Ne3 Qc7 16. d4 f5 17. dxc5 dxc5 18. Nc4 fxe4 19. Bxe4 Nf5 20. Rbd1 Rbd8 21. c3 a5 22. b3 Nce7 23. cxb4 axb4 24. Qb2+ Kg8 25. Rd2 Bc6 26. Bxc6 Nxc6 27. Rfd1 Rxd2 28. Rxd2 Ncd4 29. Nxd4 Nxd4 30. Ne5 Rd8 31. Kf2 Rd5 32. Qc1 Rxe5 33. Rxd4 Rd5 34. Rxb4 Qd6 35. Re4 Rd2+ 36. Re2 Qd4+ 37. Ke1 Rxa2 38. Rxa2 Qg1+ 39. Kd2 Qxh2+ 40. Ke3 Qxa2 41. Qc4 Kf7 42. Kf3 Qa8+ 43. Kf2 Qd5 44. Qb5 h5 45. Qb8 Qd2+ 46. Kf3 Qd5+ 47. Kf2 Qd7 48. Ke2 Kg7 49. Qe5+ Kf7 50. Ke3 Qd5 51. Qc7+ Kf6 52. Qb8 Kf5 53. Qb5 e5 54. fxe5 Qxe5+ 55. Kf3 Qd5+ 56. Kf2 g5 57. Qb8 Kg4 58. Ke1 Qh1+ 59. Kd2 Qg2+ 60. Kc1 Qxg3 61. Qc8+ Kh4 62. Qxc5 Qxb3 63. Qd4+ g4 64. Qf6+ Kh3 65. Qf1+ Kg3 66. Qg1+ Kh4 67. Qh1+ Qh3 68. Qe1+ Qg3 69. Qh1+ Kg5 70. Qd5+ Kg6 71. Qe4+ Kf6 72. Qc6+ Kf5 73. Qd5+ Qe5 74. Qf7+ Kg5 75. Kd1 g3 76. Qg8+ Kh4 77. Qc4+ Kh3 78. Qf1+ Kh2 79. Qc4 Qg5 80. Qc7 h4 81. Ke2 Qg4+ 82. Ke1 Qe4+ 83. Kf1 Kh1 84. Qxg3 Qb1+ 0-1

[Event "Anna IRT op"]
[Site "Anna"]
[Date "2015.04.10"]
[Round "4"]
[White "Geranichev, Mikhail"]
[Black "Shcherbashin, Roman"]
[Result "1-0"]
[WhiteElo "2095"]
[BlackElo "1898"]
[PlyCount "116"]
[EventDate "2015.04.09"]
[EventType "swiss"]
[EventRounds "9"]
[EventCountry "RUS"]
[SourceTitle "EXT 2022"]
[Source "ChessBase"]
[SourceDate "2021.10.06"]
[SourceVersion "1"]
[SourceVersionDate "2021.10.06"]
[SourceQuality "1"]

1. e4 e5 2. Nf3 Nf6 3. Nxe5 d6 4. Nf3 Nxe4 5. Nc3 Nxc3 6. dxc3 Be7 7. Bd3 0-0 8. Be3 Nc6 9. Qd2 Ne5 10. Nxe5 dxe5 11. 0-0-0 Bg4 12. f3 Be6 13. Kb1 Qd5 14. Bxh7+ Kxh7 15. Qxd5 Bxd5 16. Rxd5 f6 17. Rhd1 a6 18. Rd7 Rad8 19. Rxd8 Rxd8 20. Rxd8 Bxd8 21. c4 Kg6 22. c3 Kf5 23. g4+ Ke6 24. Kc2 g6 25. Kd3 f5 26. h3 c6 27. a4 Bh4 28. b4 f4 29. Bd2 Bf2 30. Ke4 b5 31. axb5 axb5 32. Kd3 Bb6 33. c5 Bd8 34. c4 bxc4+ 35. Kxc4 Bg5 36. Bc3 Bd8 37. Be1 g5 38. Bf2 Be7 39. b5 cxb5+ 40. Kxb5 e4 41. fxe4 Ke5 42. c6 Bd6 43. h4 gxh4 44. Bxh4 Kxe4 45. Be7 Bc7 46. Bc5 f3 47. Bg1 Kd5 48. Bf2 Ke6 49. Ka6 Kf6 50. Kb7 Bd6 51. Bh4+ Kg6 52. Kc8 Be5 53. Kd7 Bb8 54. Ke6 Bc7 55. Kd5 f2 56. Bxf2 Kg5 57. Ke6 Kxg4 58. Kd7 Ba5 1-0

[Event "Anna IRT op"]
[Site "Anna"]
[Date "2015.04.10"]
[Round "7"]
[White "Shcherbashin, Roman"]
[Black "Marchukov, Dmitry"]
[Result "1-0"]
[WhiteElo "1898"]
[BlackElo "2098"]
[PlyCount "73"]
[EventDate "2015.04.09"]
[EventType "swiss"]
[EventRounds "9"]
[EventCountry "RUS"]
[SourceTitle "EXT 2022"]
[Source "ChessBase"]
[SourceDate "2021.10.06"]
[SourceVersion "1"]
[SourceVersionDate "2021.10.06"]
[SourceQuality "1"]

1. e4 g6 2. d4 Bg7 3. c4 d6 4. Nc3 c6 5. Be3 Qc7 6. Qd2 Nd7 7. h4 h5 8. Nge2 e5 9. d5 Ngf6 10. f3 a6 11. a4 0-0 12. Nc1 Kh7 13. Nd3 cxd5 14. cxd5 b6 15. Rc1 Nc5 16. Nxc5 bxc5 17. Kf2 Rb8 18. Bc4 Ne8 19. b3 f5 20. exf5 gxf5 21. Bg5 Nf6 22. Rhe1 Rd8 23. Kg1 Kg8 24. Rxe5 Qf7 25. Re2 Bd7 26. Rce1 Re8 27. Rxe8+ Bxe8 28. Re6 Qf8 29. Qf4 Bf7 30. Rxd6 Ne8 31. Rxa6 Bxc3 32. Qxb8 Qg7 33. Qf4 Bd4+ 34. Kh1 Be5 35. Qxf5 Bg3 36. Bf6 Nxf6 37. Qxf6 1-0

[Event "Anna IRT op"]
[Site "Anna"]
[Date "2015.04.09"]
[Round "2"]
[White "Surov, Sergey"]
[Black "Shcherbashin, Roman"]
[Result "1/2-1/2"]
[WhiteElo "2216"]
[BlackElo "1898"]
[PlyCount "162"]
[EventDate "2015.04.09"]
[EventType "swiss"]
[EventRounds "9"]
[EventCountry "RUS"]
[SourceTitle "EXT 2022"]
[Source "ChessBase"]
[SourceDate "2021.10.06"]
[SourceVersion "1"]
[SourceVersionDate "2021.10.06"]
[SourceQuality "1"]

1. e4 e5 2. d4 exd4 3. Nf3 Nc6 4. Bc4 Bc5 5. c3 Nf6 6. 0-0 0-0 7. cxd4 Bb6 8. d5 Nb8 9. e5 Ne4 10. Qe2 f5 11. exf6 Nxf6 12. d6+ Kh8 13. Ng5 cxd6 14. Nf7+ Rxf7 15. Bxf7 Qf8 16. Bb3 Nc6 17. Be3 Nd4 18. Bxd4 Bxd4 19. Nc3 b6 20. Qc4 Bc5 21. Rad1 Bb7 22. Qh4 Re8 23. Rfe1 Rxe1+ 24. Rxe1 d5 25. Bc2 Bc6 26. Re5 h6 27. Bg6 d4 28. Nb1 d6 29. Re1 a5 30. Nd2 Bd5 31. a3 a4 32. Nf3 Bf7 33. Bxf7 Qxf7 34. Nxd4 Qd5 35. Nf3 Kh7 36. Qf4 Qd3 37. Qd2 Qf5 38. Qe2 d5 39. h3 Ne4 40. Rf1 Ng3 41. Qd2 Nxf1 42. Kxf1 Qb1+ 43. Ne1 d4 44. Qd3+ Qxd3+ 45. Nxd3 Kg6 46. Ke2 Kf5 47. f3 g5 48. Nf2 Kf4 49. Ne4 h5 50. g3+ Kf5 51. g4+ hxg4 52. hxg4+ Kf4 53. Kd3 Kxf3 54. Nxg5+ Kxg4 55. Ne6 Kf5 56. Nxd4+ Ke5 57. Nb5 Kd5 58. Nc3+ Kc6 59. Nxa4 Bg1 60. Nc3 Bf2 61. Kc4 Bg1 62. a4 Bc5 63. Nd5 Bg1 64. Nb4+ Kb7 65. Kb5 Bf2 66. Nd5 Bg1 67. Nb4 Bf2 68. b3 Bg1 69. Kc4 Bf2 70. Nd5 Bg1 71. Ne7 Ka6 72. b4 Kb7 73. Kd5 Bf2 74. b5 Bc5 75. Ke6 Bg1 76. Kd7 Bh2 77. Nc8 Bg3 78. Nd6+ Kb8 79. Kc6 Bf2 80. Ne4 Bg1 81. Nc3 Bf2 1/2-1/2

[Event "Borisoglebsk Bocharov Memorial"]
[Site "Borisoglebsk"]
[Date "2015.03.23"]
[Round "9"]
[White "Shcherbashin, Roman"]
[Black "Geranichev, Mikhail"]
[Result "1/2-1/2"]
[WhiteElo "1898"]
[BlackElo "2095"]
[PlyCount "42"]
[EventDate "2015.03.19"]
[EventType "swiss"]
[EventRounds "9"]
[EventCountry "RUS"]
[SourceTitle "CBM 165 Extra"]
[Source "ChessBase"]
[SourceDate "2015.04.21"]
[SourceVersion "1"]
[SourceVersionDate "2015.04.21"]
[SourceQuality "1"]

1. d4 Nf6 2. c4 g6 3. Nc3 d5 4. cxd5 Nxd5 5. e4 Nxc3 6. bxc3 Bg7 7. Bc4 0-0 8. Ne2 c5 9. 0-0 Nc6 10. dxc5 Qa5 11. Be3 Ne5 12. Bd5 e6 13. Bb3 Ng4 14. Bf4 Ne5 15. Be3 Rd8 16. Qc2 Bd7 17. Bd4 Bb5 18. f4 Ng4 19. Rfe1 Bxe2 20. Qxe2 Rxd4 21. Qxg4 Qxc3 1/2-1/2

[Event "Borisoglebsk Bocharov Memorial"]
[Site "Borisoglebsk"]
[Date "2015.03.21"]
[Round "6"]
[White "Shcherbashin, Roman"]
[Black "Marchukov, Dmitry"]
[Result "1/2-1/2"]
[WhiteElo "1898"]
[BlackElo "2098"]
[PlyCount "54"]
[EventDate "2015.03.19"]
[EventType "swiss"]
[EventRounds "9"]
[EventCountry "RUS"]
[SourceTitle "CBM 165 Extra"]
[Source "ChessBase"]
[SourceDate "2015.04.21"]
[SourceVersion "1"]
[SourceVersionDate "2015.04.21"]
[SourceQuality "1"]

1. d4 d5 2. c4 e6 3. Nc3 f5 4. e3 Nf6 5. f4 c6 6. Nf3 Be7 7. a3 0-0 8. Be2 Bd7 9. Ne5 Ne4 10. Nxe4 fxe4 11. c5 Bf6 12. 0-0 Be8 13. Bg4 Qe7 14. b4 Bxe5 15. fxe5 Rxf1+ 16. Qxf1 Nd7 17. Bd2 Nf8 18. Qf2 Qg5 19. Qf4 Qxf4 20. exf4 a6 21. h4 h5 22. Bh3 Bd7 23. Kf2 Ng6 24. g3 Ne7 25. g4 hxg4 26. Bxg4 Kf7 27. Rh1 Rh8 1/2-1/2

[Event "Borisoglebsk Bocharov Memorial"]
[Site "Borisoglebsk"]
[Date "2015.03.20"]
[Round "4"]
[White "Shcherbashin, Roman"]
[Black "Bakhteev, Bakhtiyar"]
[Result "1/2-1/2"]
[WhiteElo "1898"]
[BlackElo "1729"]
[PlyCount "41"]
[EventDate "2015.03.19"]
[EventType "swiss"]
[EventRounds "9"]
[EventCountry "RUS"]
[SourceTitle "CBM 165 Extra"]
[Source "ChessBase"]
[SourceDate "2015.04.21"]
[SourceVersion "1"]
[SourceVersionDate "2015.04.21"]
[SourceQuality "1"]

1. d4 Nf6 2. c4 e6 3. Nc3 Bb4 4. Qc2 c5 5. e3 cxd4 6. exd4 0-0 7. Bd3 b6 8. Nge2 h6 9. 0-0 Bxc3 10. Nxc3 d5 11. cxd5 Nxd5 12. Nxd5 exd5 13. Be3 Be6 14. Rac1 Nd7 15. Qd2 Qf6 16. Rc7 Rfc8 17. Rfc1 Rxc7 18. Rxc7 Bf5 19. Bxf5 Qxf5 20. Qc1 Nf6 21. h3 1/2-1/2

[Event "Borisoglebsk Bocharov Memorial"]
[Site "Borisoglebsk"]
[Date "2015.03.19"]
[Round "1"]
[White "Korobko, Viktor"]
[Black "Shcherbashin, Roman"]
[Result "0-1"]
[WhiteElo "1816"]
[BlackElo "1898"]
[PlyCount "78"]
[EventDate "2015.03.19"]
[EventType "swiss"]
[EventRounds "9"]
[EventCountry "RUS"]
[SourceTitle "CBM 165 Extra"]
[Source "ChessBase"]
[SourceDate "2015.04.21"]
[SourceVersion "1"]
[SourceVersionDate "2015.04.21"]
[SourceQuality "1"]

1. d4 d5 2. Nf3 e6 3. e3 Nf6 4. Nc3 c5 5. Be2 Nbd7 6. 0-0 Be7 7. h3 0-0 8. Nh2 a6 9. a3 b5 10. dxc5 Nxc5 11. b4 Nb7 12. Bb2 Nd6 13. Rb1 Bb7 14. Bf3 Rc8 15. Ne2 Nc4 16. Bxf6 Bxf6 17. Rb3 g6 18. Ng4 Bg7 19. Ng3 f5 20. Nh2 Qc7 21. Qe2 Be5 22. Rd1 Bxg3 23. fxg3 Qxg3 24. e4 Qe5 25. exd5 Qxe2 26. Bxe2 Bxd5 27. Bf3 Bxf3 28. Nxf3 Rfd8 29. Rbd3 Rxd3 30. Rxd3 e5 31. Rd5 e4 32. Nd4 Nxa3 33. Rc5 Rxc5 34. bxc5 Kf7 35. Kf2 Nc4 36. g3 Kf6 37. c6 Ke5 38. Ke2 Kd5 39. c7 Nd6 0-1

[Event "Tambov Korensky Memorial 23rd"]
[Site "Tambov"]
[Date "2014.08.25"]
[Round "3"]
[White "Shcherbashin, Roman"]
[Black "Bakhteev, Bakhtiyar"]
[Result "1/2-1/2"]
[WhiteElo "1892"]
[BlackElo "1758"]
[PlyCount "60"]
[EventDate "2014.08.23"]
[EventType "swiss"]
[EventRounds "9"]
[EventCountry "RUS"]
[SourceTitle "EXT 2015"]
[Source "ChessBase"]
[SourceDate "2014.11.20"]
[SourceVersion "1"]
[SourceVersionDate "2014.11.20"]
[SourceQuality "1"]

1. e4 c6 2. d4 d5 3. e5 Bf5 4. Bd3 Bxd3 5. Qxd3 e6 6. c3 c5 7. f4 Nc6 8. Nf3 cxd4 9. cxd4 Bb4+ 10. Bd2 Qb6 11. b3 Nge7 12. Bxb4 Qxb4+ 13. Qd2 Qb6 14. Nc3 Nf5 15. Ne2 Rc8 16. 0-0 0-0 17. Rac1 Nb4 18. a3 Nc6 19. b4 a5 20. bxa5 Nxa5 21. g4 Ne7 22. Kg2 Nc4 23. Qd3 Qb2 24. Rc3 Rc6 25. Rb3 Qa2 26. Rxb7 Ng6 27. Kg3 Qxa3 28. Qxa3 Nxa3 29. h4 Rfc8 30. h5 Nf8 1/2-1/2

[Event "Tambov Korensky Memorial 23rd"]
[Site "Tambov"]
[Date "2014.08.23"]
[Round "1"]
[White "Shcherbashin, Roman"]
[Black "Najdin, Danil"]
[Result "0-1"]
[WhiteElo "1892"]
[BlackElo "2140"]
[PlyCount "61"]
[EventDate "2014.08.23"]
[EventType "swiss"]
[EventRounds "9"]
[EventCountry "RUS"]
[SourceTitle "EXT 2015"]
[Source "ChessBase"]
[SourceDate "2014.11.20"]
[SourceVersion "1"]
[SourceVersionDate "2014.11.20"]
[SourceQuality "1"]

1. d4 d5 2. c4 e6 3. Nc3 f5 4. e3 c6 5. a3 Nf6 6. Nf3 Bd6 7. Ne5 0-0 8. f4 Ne4 9. Nxe4 fxe4 10. Bd2 b6 11. Bc3 Bb7 12. Qg4 Qe7 13. b4 c5 14. Rb1 cxb4 15. Bxb4 Bxb4+ 16. axb4 Nc6 17. Nxc6 Bxc6 18. Be2 dxc4 19. Bxc4 Bd5 20. Be2 a5 21. bxa5 bxa5 22. 0-0 a4 23. f5 a3 24. fxe6 a2 25. Ra1 Qxe6 26. Qg3 Rxf1+ 27. Bxf1 Qb6 28. Qe5 Qb3 29. Rc1 h6 30. Rc7 Bf7 31. d5 0-1